Countries that can Drown their Neighbours - Statistics

General Stats
  • This quiz has been taken 21 times
  • The average score is 8 of 9
Answer Stats
Guilty Country Country Being Drowned Lake % Correct
Switzerland Liechtenstein Lake Neuchâtel
100%
France Monaco Lake Geneva
100%
Italy Vatican City Lake Garda
100%
Italy San Marino Lake Garda
95%
Azerbaijan Armenia Caspean Sea
90%
Tanzania Burundi Lake Victoria
90%
Tanzania Rwanda Lake Victoria
90%
Uganda Rwanda Lake Victoria
90%
Kazakhstan Azerbaijan Caspean Sea
43%
No matching quizzes found
Score Distribution
Percent of People with Each Score
Percentile by Number Answered
Your Score History
You have not taken this quiz